| 000 | 00913nmm a2200289 a 4500 | ||
|---|---|---|---|
| 001 | ocm000589440 | ||
| 003 | TR-IsHL | ||
| 005 | 20201028121432.0 | ||
| 008 | 130705s2009 tu tur | ||
| 007 | cr cn | ||
| 020 | _a9786055715328 | ||
| 035 |
_a589440 _b(N$T) |
||
| 050 | 0 | 4 |
_aRJ506 _b.I83 2009 |
| 090 | 0 | 4 |
_aRJ506 _b.I83 2009 |
| 100 | 1 | _aIsaacson, Rubert | |
| 245 | 1 | 0 |
_aAt çocuk _h[electronic resource] / _cRubert Isaacson ; çev. Seda Çıngay |
| 250 | _a1 bs. | ||
| 260 |
_aİstanbul : _bBilge Kültür Sanat, _c2009 |
||
| 300 | _a316 p. | ||
| 650 | 4 | _aDil ve Edebiyat | |
| 650 | 4 | _aLanguage and Literature | |
| 650 | 0 | _aOtistik çocuklar | |
| 650 | 0 | _aAutistic children | |
| 650 | 7 |
_aPSYCHOLOGY / Psychopathology / Autism Spectrum Disorders _2bisacsh |
|
| 700 | 1 | _aÇıngay, Seda | |
| 856 | 4 | 0 | _uhttp://search.ebscohost.com/login.aspx?direct=true&scope=site&db=e011xww&AN=589440 |
| 999 |
_c1323 _d1323 |
||